#1 Albums Of The 80s (UK) - Statistics

General Stats
  • This quiz has been taken 737 times
  • The average score is 70 of 135
Answer Stats
Album Year Artist % Correct
Like A Virgin 1985 Madonna
96%
True Blue 1986 Madonna
96%
Like A Prayer 1989 Madonna
96%
Thriller 1983 Michael Jackson
93%
Bad 1987 Michael Jackson
93%
Born In The U.S.A. 1985 Bruce Springsteen
92%
Tunnel Of Love 1987 Bruce Springsteen
92%
Duke 1980 Genesis
92%
Abacab 1981 Genesis
92%
Genesis 1983 Genesis
92%
Invisible Touch 1986 Genesis
92%
McCartney II 1980 Paul McCartney
92%
Tug Of War 1982 Paul McCartney
92%
Give My Regards To Broad Street 1984 Paul McCartney
92%
Flowers In The Dirt 1989 Paul McCartney
92%
War 1983 U2
90%
The Unforgettable Fire 1984 U2
90%
The Joshua Tree 1987 U2
90%
Rattle And Hum 1988 U2
90%
Scary Monsters (And Super Creeps) 1980 David Bowie
89%
Let's Dance 1983 David Bowie
89%
Tonight 1984 David Bowie
89%
Back In Black 1980 AC/DC
87%
Faith 1987 George Michael
86%
Peter Gabriel 1980 Peter Gabriel
85%
So 1986 Peter Gabriel
85%
Whitney 1987 Whitney Houston
85%
Face Value 1981 Phil Collins
84%
No Jacket Required 1985 Phil Collins
84%
...But Seriously 1989 Phil Collins
84%
Love Over Gold 1982 Dire Straits
82%
Brothers In Arms 1985 Dire Straits
82%
Zenyatte Mondatta 1980 The Police
82%
Ghost In The Machine 1981 The Police
82%
Synchronicity 1983 The Police
82%
Pretenders 1980 The Pretenders
81%
Super Trouper 1980 ABBA
80%
The Visitors 1981 ABBA
80%
The Game 1980 Queen
78%
A Kind Of Magic 1986 Queen
78%
The Miracle 1989 Queen
78%
Tracy Chapman 1988 Tracy Chapman
72%
Crossroads 1989 Tracy Chapman
72%
Graceland 1986 Paul Simon
69%
The Number Of The Beast 1982 Iron Maiden
68%
Seventh Son Of A Seventh Son 1988 Iron Maiden
68%
Hysteria 1987 Def Leppard
66%
Lovesexy 1988 Prince
66%
Batman 1989 Prince
66%
Kylie 1988 Kylie Minogue
65%
Enjoy Yourself 1989 Kylie Minogue
65%
The Legendary Roy Orbison 1989 Roy Orbison
64%
True 1983 Spandau Ballet
63%
Introducing The Hardline According To Terence Trent D'Arby 1987 Terence Trent D'Arby
62%
Fantastic 1983 Wham!
62%
Make It Big 1984 Wham!
62%
Seven And The Ragged Tiger 1983 Duran Duran
61%
Hounds Of Love 1985 Kate Bush
61%
The Whole Story 1987 Kate Bush
61%
Double Fantasy 1981 John Lennon And Yoko Ono
60%
Never Forever 1980 Kate Bush
59%
Meat Is Murder 1985 The Smiths
59%
Flesh And Blood 1980 Roxy Music
56%
Avalon 1982 Roxy Music
56%
Emotional Rescue 1980 The Rolling Stones
56%
Welcome To The Pleasuredome 1984 Frankie goes To Hollywood
54%
The Hurting 1983 Tears For Fears
54%
The Seeds Of Love 1989 Tears For Fears
54%
Tango In The Night 1987 Fleetwood Mac
53%
Complete Madness 1982 Madness
52%
Dare 1981 The Human League
51%
Kings Of The Wild Frontier 1981 Adam And The Ants
50%
The Lexicon Of Love 1982 ABC
49%
Dead Ringer 1981 Meat Loaf
49%
Legend 1984 Bob Marley And The Wailers
47%
New Jersey 1988 Bon Jovi
47%
Colour By Numbers 1983 Culture Club
46%
No Parlez 1983 Paul Young
42%
The Secret Of Association 1985 Paul Young
42%
The Final Cut 1983 Pink Floyd
39%
Labour Of Love 1983 UB40
38%
The Raw And The Cooked 1989 Fine Young Cannibals
37%
Shaky 1981 Shakin' Stevens
37%
Sparkle In The Rain 1984 Simple Minds
35%
Once Upon A Time 1985 Simple Minds
35%
Street Fighting Years 1989 Simple Minds
35%
Guilty 1980 Barbra Streisand
34%
Love Songs 1982 Barbra Streisand
34%
Alf 1985 Alison Moyet
33%
Road To Hell 1989 Chris Rea
33%
A New Flame 1989 Simply Red
31%
No Sleep 'Til Hammersmith 1981 Motörhead
30%
Whenever You Need Somebody 1987 Rick Astley
30%
Business As Usual 1983 Men At Work
29%
Touch 1984 Eurythmics
28%
We Too Are One 1989 Eurythmics
28%
Agent Provocateur 1985 Foreigner
27%
...Nothing Like The Sun 1987 Sting
27%
Faster Than The Speed Of Night 1983 Bonnie Tyler
26%
Popped In Souled Out 1988 Wet Wet Wet
26%
Ten Good Reasons 1989 Jason Donovan
24%
Technique 1989 New Order
24%
Silk And Steel 1986 Five Star
22%
Human's Lib 1984 Howard Jones
22%
Sky 2 1980 Sky
22%
Boys And Girls 1985 Bryan Ferry
21%
Anything For You 1989 Gloria Estefan
21%
Cuts Both Ways 1989 Gloria Estefan
21%
Viva Hate 1988 Morissey
21%
The Gift 1982 The Jam
21%
Can't Slow Down 1984 Lionel Ritchie
20%
Promise 1985 Sade
20%
Foreign Affair 1989 Tina Turner
20%
Bridge Of Spies 1987 T'Pau
20%
The Innocents 1988 Erasure
19%
Wild! 1989 Erasure
19%
Turn Back The Clock 1988 Johnny Hates Jazz
19%
Misplaced Childhood 1985 Marillion
19%
Telekon 1980 Gary Numan
17%
Steel Town 1984 Big Country
15%
Stars On 45 1981 Starsound
15%
1+9+8+2 1982 Status Quo
15%
Our Favourite Shop 1985 The Style Council
15%
Into The Gap 1984 Thompson Twins
15%
When The World Knows Your Name 1989 Deacon Blue
14%
You And Me Both 1983 Yazoo
14%
Velveteen 1989 Transvision Vamp
13%
Blast 1989 Holly Johnson
12%
Time 1981 Electric Light Orchestra
10%
Flying Colours 1988 Chris De Burgh
9%
Keep Your Distance 1987 Curiosity Killed The Cat
8%
It's Better To Travel 1987 Swing Out Sister
8%
Love Songs 1981 Cliff Richards
7%
Tears Of Laughter 1980 Johnny Mathis
7%
The Love Songs 1985 George Benson
6%
No matching quizzes found
Score Distribution
Percent of People with Each Score
Percentile by Number Answered
Your Score History
You have not taken this quiz